000 00458nam a2200181Ia 4500
008 100917s9999 xx 000 0 und d
082 _b48939
100 _aबोरकर कमलाकर
245 _aतुफान
260 _bत्रदिल प्रकाशन
_c1981
300 _a88
365 _b6
520 _aनाटक
630 _aतुफान
650 _aनाटक
730 _aतुफान
942 _cBOOK
999 _c654333
_d654330